000
00276nam a22001217a 4500
008
170927b xxu||||| |||| 00| 0 eng d
041
_a
eng
080
_2
7 ED
_a
37
100
_a
47
101
_a
EDU
245
_a
STANDARD HANDBOOK SECRETARIES
_c
HILL.M
942
_2
udc
_c
BK
999
_c
30271
_d
30271